000 00781nam a2200241 i 4500
001 9920
003 ES-MaACL
005 20230906145802.0
007 t|
008 940510s1993 sp ||||1| spa d
020 _a84-8004-072-6
080 _a327
100 1 _aCalduch Cervera, Rafael.
_933642
245 1 0 _aDinámica de la sociedad internacional /
_cRafael Calduch Cervera.
260 _aMadrid :
_bCentro de Estudios Ramón Areces,
_cD.L. 1993.
300 _aXXVIII, 493 p. ;
_c24 cm.
490 1 _aColección de información y comunicación
504 _aBibliografía: p. 463-493.
650 _aRelaciones internacionales.
_916783
830 0 _aColección de información y comunicación
_9228083
852 _aES-MaACL
_jL-17349
_bR.122532
999 _c9920
_d9920